000
00299nam a2200121Ia 4500
005
20260326235447.0
008
260326s9999||||xx |||||||||||||| ||und||
100
_a
Gindroz, Ray
245
4
_a
The Architectural Pattern Book /
_c
Ray Gindroz
260
_b
Norton
650
_a
DISEÑO URBANO
942
_c
BK
999
_c
7627
_d
7627